تفہیم ا لقر ا ن / (Record no. 147135)

MARC details
000 -LEADER
fixed length control field 01076nam a22002537a 4500
005 - DATE AND TIME OF LATEST TRANSACTION
control field 20230824121018.0
010 ## - LCCN (DPL NO)
LC control number UR-9885-90
020 6# - INTERNATIONAL STANDARD BOOK NUMBER
Terms of availability 340.00(vol.1)
020 6# - INTERNATIONAL STANDARD BOOK NUMBER
Terms of availability 370.00(vol.2)
020 6# - INTERNATIONAL STANDARD BOOK NUMBER
Terms of availability 400.00(vol.3)
020 6# - INTERNATIONAL STANDARD BOOK NUMBER
Terms of availability 350.00(vol.4)
020 6# - INTERNATIONAL STANDARD BOOK NUMBER
Terms of availability 340.00(vol.5)
020 6# - INTERNATIONAL STANDARD BOOK NUMBER
Terms of availability 330.00(vol.6)
035 ## - SYSTEM CONTROL NUMBER
System control number U-8440-45
037 ## - SOURCE OF ACQUISITION
Source of stock number/acquisition DBAD/PUB
082 ## - DEWEY DECIMAL CLASSIFICATION NUMBER
Classification number 270
100 ## - MAIN ENTRY--PERSONAL NAME
Personal name مو لا نا سید ا بو ا لا علی مو د ود ی
245 ## - TITLE STATEMENT
Title تفہیم ا لقر ا ن /
Statement of responsibility, etc مو لا نا سید ا بو ا لا علی مو د ود ی
246 ## - VARYING FORM OF TITLE
Title proper/short title Tafheem -ul-Quran(vol.1-6) /
Remainder of title by Moulana Sayyid Abul A"la Moudoodi
260 ## - PUBLICATION, DISTRIBUTION, ETC. (IMPRINT)
Place of publication, distribution, etc New Delhi
Name of publisher, distributor, etc Markazi Maktaba Islami Publishers
Date of publication, distribution, etc 2015
270 ## - ADDRESS
Address D-307,Dawat Nagar,Abulfazal Enclave,Jamia Ngr.
City New Delhi
Postal code 110025
Telephone number 26981652
Fax number -
300 ## - PHYSICAL DESCRIPTION
Extent (6 vol.)664,712,824,708,676,656 ص
Dimensions 22cm(Hb)
942 ## - ADDED ENTRY ELEMENTS (KOHA)
Source of classification or shelving scheme Dewey Decimal Classification
Item type Urdu Bks
Classification part 270
Call number suffix س ی د
Edition
Holdings
Withdrawn status Lost status Materials specified (bound volume or other part) Not for loan Collection code Home library Current library Date acquired Source of acquisition Cost, normal purchase price Full call number Barcode Copy number Cost, replacement price Koha item type
    Vol,6 Not For Loan Non-fiction D.B.Act.Division D.B.Act.Division 03/11/2017 DBAD/PUB. 330.00 270 س ی د U-8445 1 330.00 Urdu Bks
    Vol.1   Non-fiction Kadipur Kadipur 03/11/2017 DBAD/PUB. 340.00 270 س ی د U-8440 1 340.00 Urdu Bks
    Vol. 2   Non-fiction Kadipur Kadipur 03/11/2017 DBAD/PUB. 370.00 270 س ی د U-8441 1 370.00 Urdu Bks
    Vol. 3   Non-fiction Kadipur Kadipur 03/11/2017 DBAD/PUB. 400.00 270 س ی د U-8442 1 400.00 Urdu Bks
    Vol. 4   Non-fiction Kadipur Kadipur 03/11/2017 DBAD/PUB. 350.00 270 س ی د U-8443 1 350.00 Urdu Bks
    Vol. 5   Non-fiction Kadipur Kadipur 03/11/2017 DBAD/PUB. 340.00 270 س ی د U-8444 1 340.00 Urdu Bks

© Delhi Public Library
Hit Counter
free hit counter